Obrót tranzytowy Studium cywilnoprawne

Salvato in:
Dettagli Bibliografici
Autore principale: Kufel, Jan
Natura: Libro
Lingua:polacco
Pubblicazione: Poznan Akademia Ekon. 1989
Edizione:1. wyd.
Serie:Zeszyty naukowe-Seria 2 Zeszyt 103
Tags: Aggiungi Tag
Nessun Tag, puoi essere il primo ad aggiungerne!!

MARC

LEADER 00000nam a2200000 4500
001 c036935
005 20221215130214.9
041 0 |a pol 
044 |a PL 
245 1 0 |a Obrót tranzytowy  |b Studium cywilnoprawne  |c Jan Kufel 
250 |a 1. wyd. 
264 1 |a Poznan  |b Akademia Ekon.  |c 1989 
300 |a 208 s. 
490 1 |a Zeszyty naukowe-Seria 2  |v Zeszyt 103 
830 0 |a Zeszyty naukowe-Seria 2  |v Zeszyt 103 
100 1 |a Kufel, Jan